[Event "9th Asrian Memorial 2016"]
[Site "Yerevan ARM"]
[Date "2016.06.23"]
[Round "8.3"]
[White "Sivuk, Vitaly"]
[Black "Andriasian, Zaven"]
[Result "0-1"]
[WhiteTitle "GM"]
[BlackTitle "GM"]
[WhiteElo "2520"]
[BlackElo "2611"]
[WhiteFideId "14116502"]
[BlackFideId "13302000"]
[EventDate "2016.06.16"]

1. e4 c5 2. Nf3 d6 3. Bb5+ Nc6 4. O-O Bd7 5. Re1 Nf6 6. c3 a6 7. Bf1 Bg4 8. h3
Bxf3 9. Qxf3 e6 10. d3 Be7 11. a4 O-O 12. Na3 d5 13. exd5 Nxd5 14. g3 Bf6 15.
Bd2 Rb8 16. Qd1 b5 17. Qc2 Qd7 18. Bg2 Rfd8 19. Rad1 h5 20. Rf1 g6 21. axb5 axb5
22. Qc1 Na5 23. Qc2 Nc6 24. Be4 Bg7 25. Bg5 Rdc8 26. Bd2 Kh7 27. Be1 h4 28. Qe2
f5 29. Bg2 b4 30. Nb1 bxc3 31. bxc3 Rb3 32. Bxd5 exd5 33. gxh4 Re8 34. Qf3 Ne5
35. Qg2 d4 36. Nd2 Rb2 37. cxd4 Qxd4 38. h5 gxh5 39. Nf3 Qf4 40. Nh2 Rc2 41. Kh1
Re6 42. Rg1 Rg6 43. Qd5 Rc1 44. Rxc1 Rxg1+ 45. Kxg1 Qxc1 46. Kf1 Qd1 47. f3
Qxd3+ 48. Qxd3 Nxd3 49. Bg3 c4 50. Ke2 Kg6 51. Nf1 f4 52. Bh2 Bc3 53. Bg1 Kg5 0-1

[Event "9th Asrian Memorial 2016"]
[Site "Yerevan ARM"]
[Date "2016.06.23"]
[Round "8.4"]
[White "Babujian, Levon"]
[Black "Pashikian, Arman"]
[Result "1/2-1/2"]
[WhiteTitle "GM"]
[BlackTitle "GM"]
[WhiteElo "2469"]
[BlackElo "2611"]
[WhiteFideId "13301993"]
[BlackFideId "13301578"]
[EventDate "2016.06.16"]

1. c4 e5 2. Nc3 Nf6 3. Nf3 Nc6 4. g3 d5 5. cxd5 Nxd5 6. Bg2 Nb6 7. O-O Be7 8.
Rb1 a5 9. d3 Be6 10. Be3 Nd5 11. Nxd5 Bxd5 12. Qa4 O-O 13. Rbc1 Re8 14. Rfd1 Bf8
15. Bc5 Bxc5 16. Rxc5 Nd4 17. Nxd4 Bxg2 18. Nb5 Bc6 19. Qc4 Re6 20. d4 exd4 21.
Nxd4 Rd6 22. Rd3 Bd5 23. Qc3 Be4 24. Ne6 Qf6 25. Nxc7 Rad8 26. Qxf6 gxf6 27.
Rxd6 Rxd6 28. f3 Bc6 29. Rxa5 Rd2 30. Kf2 Rxb2 31. Ra8+ Kg7 32. g4 Rc2 33. h4
Kh6 34. Rg8 Rxa2 35. g5+ fxg5 36. hxg5+ Kh5 37. Rg7 Ra5 38. Rxf7 Kg6 39. Re7
Rxg5 40. Ne6 Kf6 41. Nxg5 Kxe7 42. Nxh7 b5 43. Ke3 b4 44. Ng5 b3 45. Kd2 Kf6 46.
Nh3 Kf5 47. Kc3 Bb5 48. e3 Bc6 49. f4 Ke4 50. Kd2 Kf3 51. Ng1+ Kf2 52. Ne2 b2
53. Nc3 Kf3 54. f5 Be4 55. f6 Bg6 1/2-1/2

[Event "9th Asrian Memorial 2016"]
[Site "Yerevan ARM"]
[Date "2016.06.23"]
[Round "8.5"]
[White "Zubov, Alexander"]
[Black "Sargsyan, Shant"]
[Result "1/2-1/2"]
[WhiteTitle "GM"]
[BlackTitle "CM"]
[WhiteElo "2627"]
[BlackElo "2378"]
[WhiteFideId "14109409"]
[BlackFideId "13306766"]
[EventDate "2016.06.16"]

1. e4 c5 2. Nf3 d6 3. Bb5+ Bd7 4. Bxd7+ Qxd7 5. d4 cxd4 6. Qxd4 Nc6 7. Qd3 Nf6
8. O-O e6 9. c4 Be7 10. Nc3 O-O 11. Rd1 Rfd8 12. Qe2 Qc7 13. Nb5 Qb8 14. Bf4 a6
15. Nc3 Nd7 16. Bg5 Bxg5 17. Nxg5 h6 18. Nf3 Nde5 19. Nd4 Qa7 20. Nxc6 bxc6 21.
Kh1 c5 22. f4 Nc6 23. Rd3 Qe7 24. Qh5 Kh7 25. Rh3 Qf6 26. f5 Ne5 27. b3 a5 28.
Rg1 Kg8 29. Qe2 Nd7 30. g4 g5 31. fxg6 fxg6 32. e5 Nxe5 33. Ne4 Qe7 34. g5 h5
35. Nf6+ Kg7 36. Qe4 Rh8 37. Rd1 Ng4 38. Nxg4 hxg4 39. Qxg4 Rxh3 40. Qxh3 Rh8
41. Qc3+ e5 42. Qd2 Qf7 43. Qg2 Qf4 44. Qb7+ Kg8 45. Qc8+ Kg7 46. Qd7+ Kg8 47.
Qe6+ Kg7 48. Qe7+ Kg8 49. Qe6+ Kg7 50. Qe7+ 1/2-1/2

[Event "9th Asrian Memorial 2016"]
[Site "Yerevan ARM"]
[Date "2016.06.23"]
[Round "8.6"]
[White "Gabuzyan, Hovhannes"]
[Black "Kotanjian, Tigran"]
[Result "1-0"]
[WhiteTitle "GM"]
[BlackTitle "GM"]
[WhiteElo "2614"]
[BlackElo "2485"]
[WhiteFideId "13303732"]
[BlackFideId "13301250"]
[EventDate "2016.06.16"]

1. Nf3 Nf6 2. g3 d5 3. Bg2 e6 4. O-O Be7 5. d3 O-O 6. Nbd2 c5 7. b3 Nc6 8. Bb2
Qc7 9. Re1 e5 10. e4 d4 11. Nh4 g6 12. Bc1 Bg4 13. Nhf3 b5 14. h3 Bd7 15. Nh2
Qc8 16. h4 h5 17. a4 a6 18. f4 exf4 19. gxf4 Ng4 20. Ndf3 Nxh2 21. Kxh2 Bg4 22.
Qd2 Qc7 23. Qf2 Rad8 24. Bh3 Nb4 25. Bxg4 hxg4 26. Ne5 Kg7 27. Kg2 Rh8 28. Rh1
Rh5 29. axb5 axb5 30. Nxg4 Rdh8 31. Qf3 Nxc2 32. f5 Nxa1 33. f6+ Kf8 34. Bf4 Qa7
35. fxe7+ Qxe7 36. Rxa1 Qxh4 37. Ra8+ Kg7 38. Rxh8 Qh1+ 39. Kf2 Qxf3+ 40. Kxf3
Kxh8 41. Be5+ f6 42. Bxf6+ Kg8 43. Ne5 Rh1 44. Be7 Rc1 45. Ke2 Rc3 46. Kd2 Kh7
47. Nd7 c4 48. bxc4 bxc4 49. dxc4 Rxc4 50. Kd3 Rc1 51. Bf6 Re1 52. Nc5 Kg8 53.
Kxd4 Kf7 54. Bg5 Rg1 55. Be3 Rd1+ 56. Ke5 Re1 57. Bd4 Re2 58. Kf4 Re1 59. Ke5
Re2 60. Kd6 g5 61. e5 Rd2 62. Kd5 g4 63. Ne4 Rd1 64. Nf2 Rg1 65. e6+ Kg6 66. Nd3
Rd1 67. Ne5+ Kf6 68. Nc6+ Kg6 69. Ke4 1-0

[Event "9th Asrian Memorial 2016"]
[Site "Yerevan ARM"]
[Date "2016.06.23"]
[Round "8.7"]
[White "Baghdasaryan, Vahe"]
[Black "Grigoryan, Karen H."]
[Result "1-0"]
[WhiteTitle "IM"]
[BlackTitle "GM"]
[WhiteElo "2452"]
[BlackElo "2604"]
[WhiteFideId "13303139"]
[BlackFideId "13301004"]
[EventDate "2016.06.16"]

1. e4 c5 2. Nf3 Nc6 3. d4 cxd4 4. Nxd4 g6 5. c4 Nf6 6. Nc3 d6 7. Be2 Nxd4 8.
Qxd4 Bg7 9. Be3 O-O 10. Qd3 Nd7 11. Bd4 Nc5 12. Qe3 Bxd4 13. Qxd4 Be6 14. O-O
Qb6 15. b3 a5 16. f4 f6 17. Kh1 a4 18. Rab1 axb3 19. axb3 Qb4 20. f5 Bf7 21.
fxg6 hxg6 22. Qe3 Nd7 23. Qh6 Ne5 24. Rf3 Be6 25. Rg3 Kf7 26. Bg4 Rh8 27. Bxe6+
Kxe6 28. Qg7 Rhe8 29. Nd5 Qc5 30. Qh7 Qd4 31. Qh3+ f5 32. Rxg6+ Kd7 33. Qxf5+
Kc6 34. Rg3 Rf8 35. Nxe7+ Kb6 36. Nd5+ Kc5 37. b4+ Kxc4 38. Qe6 Rae8 39. Qxd6
Nd3 40. Nb6+ Kc3 41. Rc1+ 1-0

[Event "9th Asrian Memorial 2016"]
[Site "Yerevan ARM"]
[Date "2016.06.23"]
[Round "8.8"]
[White "Martirosyan, Haik M."]
[Black "Stupak, Kirill"]
[Result "1/2-1/2"]
[WhiteTitle "IM"]
[BlackTitle "GM"]
[WhiteElo "2443"]
[BlackElo "2555"]
[WhiteFideId "13306553"]
[BlackFideId "13503758"]
[EventDate "2016.06.16"]

1. d4 Nf6 2. c4 b6 3. Nf3 Bb7 4. g3 g6 5. Bg2 Bg7 6. Nc3 O-O 7. O-O Ne4 8. Bd2
d6 9. Rc1 e5 10. dxe5 Nxd2 11. Qxd2 dxe5 12. Rfd1 Qxd2 13. Nxd2 Bxg2 14. Kxg2 f5
15. Nd5 Rf7 16. Nf3 h6 17. c5 Na6 18. cxb6 axb6 19. b4 e4 20. Nd2 Rd8 21. Nb3
Rfd7 22. Ne7+ Kf7 23. Rxd7 Rxd7 24. Nc6 Rd5 25. a4 Bf8 26. Rc4 b5 27. axb5 Rxb5
28. Nbd4 Rd5 29. b5 Nc5 30. Nb4 Re5 31. Ndc6 Re8 32. Nd5 Rc8 33. Rc2 Bd6 34. Ra2
Ke6 35. Ne3 Nd7 36. Nc4 Bc5 37. e3 Nb6 38. Nxb6 Bxb6 39. h4 h5 40. Kf1 Re8 41.
Ke2 Kd5 42. Ra4 Kc5 43. Nd4 Re5 44. Kd2 Kd6 45. Kc3 Rc5+ 46. Kb2 Ke5 47. Ra8 Kf6
48. Rf8+ Ke7 49. Rb8 Kf7 50. Ra8 Rd5 51. Kc3 Rc5+ 52. Kb2 Ke7 53. Rb8 Kf7 54.
Ra8 Ke7 55. Rb8 Kf7 56. Ra8 Ke7 57. Rb8 Kf7 58. Ra8 Ke7 59. Rb8 1/2-1/2

[Event "9th Asrian Memorial 2016"]
[Site "Yerevan ARM"]
[Date "2016.06.23"]
[Round "8.9"]
[White "Harutyunian, Tigran K."]
[Black "Mikaelyan, Arman"]
[Result "0-1"]
[WhiteTitle "IM"]
[BlackTitle "IM"]
[WhiteElo "2462"]
[BlackElo "2444"]
[WhiteFideId "13303635"]
[BlackFideId "13304852"]
[EventDate "2016.06.16"]

1. c4 c6 2. Nf3 d5 3. d4 Nf6 4. e3 e6 5. b3 Nbd7 6. Bd3 Bd6 7. Bb2 O-O 8. Nbd2
b6 9. O-O Bb7 10. Ne5 c5 11. cxd5 exd5 12. f4 cxd4 13. exd4 Ne4 14. Nxe4 dxe4
15. Bb5 Nf6 16. Nc6 Qd7 17. d5 Bc5+ 18. Kh1 Nxd5 19. Nd4 Qc8 20. Qh5 Nf6 21. Qe5
Rd8 22. Bc4 Bxd4 23. Bxd4 b5 24. Bxf7+ Kxf7 25. Rac1 Qe6 26. Qxb5 Ba6 27. Rc7+
Rd7 28. Rxd7+ Nxd7 29. Qh5+ Kg8 30. Re1 Bb7 31. Re3 Qd5 32. Qxd5+ Bxd5 33. Rc3
a5 34. f5 Nf6 35. Kg1 h5 36. Rc5 Bf7 37. Kf2 a4 38. Rb5 axb3 39. axb3 Ra2+ 40.
Kg3 e3 41. Bxe3 Bd5 42. Bd4 Rxg2+ 43. Kf4 Rg4+ 44. Ke3 Bg2 45. Be5 Kh7 46. Ra5
Rb4 47. Ra7 Ng4+ 0-1

[Event "9th Asrian Memorial 2016"]
[Site "Yerevan ARM"]
[Date "2016.06.23"]
[Round "8.10"]
[White "Ter-Sahakyan, Samvel"]
[Black "Kalashian, David"]
[Result "1/2-1/2"]
[WhiteTitle "GM"]
[BlackTitle "IM"]
[WhiteElo "2617"]
[BlackElo "2316"]
[WhiteFideId "13302531"]
[BlackFideId "13302418"]
[EventDate "2016.06.16"]

1. e4 c6 2. d4 g6 3. Nc3 Bg7 4. Nf3 d5 5. h3 dxe4 6. Nxe4 Nd7 7. Bc4 Ngf6 8.
Nxf6+ Nxf6 9. O-O O-O 10. Re1 Qc7 11. Ne5 Nd5 12. Bxd5 cxd5 13. c3 Qb6 14. Qf3
Qd8 15. Qg3 Bf5 16. Ng4 Bxg4 17. hxg4 e6 18. g5 b5 19. Bf4 b4 20. Re3 Qd7 21.
Rae1 bxc3 22. bxc3 Rac8 23. Qh4 Bh8 24. Be5 Bxe5 25. dxe5 h5 26. gxh6 Qd8 27.
Qh2 Kh7 28. Rd1 Qg5 29. Rd4 Rb8 30. Qh4 Rb1+ 31. Kh2 Qxh4+ 32. Rxh4 Rb2 33. Rf3
Rxa2 34. Rhf4 Kxh6 35. Rxf7 Rxf7 36. Rxf7 Re2 37. f4 g5 38. f5 Rxe5 39. fxe6
Rxe6 40. Rxa7 Re3 41. Rd7 Rd3 42. Kg1 Kh5 43. Kf2 Kg4 44. Ke2 Rg3 45. Rxd5 Rxc3
46. Kf2 Kh4 47. Ra5 g4 48. g3+ Rxg3 49. Rh5+ Kxh5 1/2-1/2

[Event "9th Asrian Memorial 2016"]
[Site "Yerevan ARM"]
[Date "2016.06.23"]
[Round "8.11"]
[White "Hovhannisyan, Karen G."]
[Black "Igonin, Temur"]
[Result "1/2-1/2"]
[BlackTitle "IM"]
[WhiteElo "2244"]
[BlackElo "2474"]
[WhiteFideId "13306618"]
[BlackFideId "14203049"]
[EventDate "2016.06.16"]

1. d4 d5 2. Bf4 Nf6 3. Nf3 c5 4. e3 Nc6 5. Be2 cxd4 6. exd4 Bg4 7. c3 e6 8. Qb3
Qc8 9. Nbd2 Be7 10. h3 Bh5 11. O-O O-O 12. Rfe1 a6 13. a4 Bd8 14. Qd1 Bc7 15.
Ne5 Bxe2 16. Qxe2 Nxe5 17. dxe5 Nd7 18. c4 f6 19. Nf3 fxe5 20. Bxe5 Rxf3 21.
Bxc7 Rf6 22. Bg3 Qxc4 23. Rac1 Qxe2 24. Rxe2 Nb6 25. Rc7 Re8 26. Rxb7 Nc4 27.
Rd7 Nb6 28. Rb7 Nc4 29. Rc7 Rf7 30. Rc6 Rb7 31. Rcxe6 Rxe6 32. Rxe6 a5 33. Re8+
Kf7 34. Rd8 Ke6 35. Re8+ Kf5 36. Rd8 Ke6 37. Re8+ Kd7 38. Rg8 g6 39. Rh8 Ke6 40.
Re8+ Kd7 41. Rh8 h5 42. Rh7+ Kc6 43. Rh6 Nxb2 44. Rxg6+ Kc5 45. f4 d4 46. Be1 d3
47. Bxa5 Nc4 48. Bc3 Rb3 49. Rg5+ Kc6 50. Be1 Rb1 51. Kf2 Rb2+ 52. Kg3 Rb1 53.
Kf2 Rb2+ 54. Kg3 Rb1 1/2-1/2

[Event "9th Asrian Memorial 2016"]
[Site "Yerevan ARM"]
[Date "2016.06.23"]
[Round "8.12"]
[White "Torosyan, Norayr"]
[Black "Hoghmrtsyan, Artur"]
[Result "1-0"]
[WhiteElo "2361"]
[BlackElo "1870"]
[WhiteFideId "13300431"]
[BlackFideId "13306685"]
[EventDate "2016.06.16"]

1. e4 e5 2. Nf3 Nc6 3. Bb5 Nf6 4. d3 Bc5 5. Bxc6 dxc6 6. Nbd2 Be6 7. Nb3 Bb6 8.
O-O Nd7 9. Ng5 Bxb3 10. axb3 h6 11. Nf3 O-O 12. g3 Re8 13. Bd2 Nf8 14. Bc3 Qd6
15. Nh4 Ng6 16. Nf5 Qf6 17. Kg2 Ne7 18. Nxe7+ Qxe7 19. f4 exf4 20. Rxf4 Qd7 21.
Qg4 Qxg4 22. Rxg4 g6 23. Rh4 Be3 24. Ra5 c5 25. Kf3 Bg5 26. Rh3 b6 27. Ra6 f5
28. Ra4 Rf8 29. Ke2 a6 30. Rc4 Rae8 31. e5 h5 32. b4 cxb4 33. Rxb4 b5 34. d4 c5
35. dxc5 Bf6 36. Kf3 Bxe5 37. Rb3 Rf6 38. Ra3 Rc6 39. Bxe5 Rxe5 40. b4 Re1 41.
Rh4 Rc1 42. Ra2 Kf7 43. Rd4 Rf1+ 44. Kg2 Rc1 45. h4 Re6 46. Kf2 Ke7 47. Rd3 Rb1
48. Rb3 Rd1 49. Re3 Rxe3 50. Kxe3 Re1+ 51. Kf2 Re4 52. c3 Rc4 53. Rxa6 Rxc3 54.
Rb6 Rc4 55. Rxb5 f4 56. Rb6 fxg3+ 57. Kxg3 Rg4+ 58. Kh3 Kd7 59. b5 Rc4 60. Rxg6
Rxc5 61. Rg5 Kd6 62. Kg3 Rc3+ 63. Kf2 Rc5 64. Ke3 1-0

[Event "9th Asrian Memorial 2016"]
[Site "Yerevan ARM"]
[Date "2016.06.23"]
[Round "8.13"]
[White "Bakunts, Rafael"]
[Black "Vardanian, Haik G."]
[Result "1/2-1/2"]
[BlackTitle "FM"]
[WhiteElo "2355"]
[BlackElo "2355"]
[WhiteFideId "13304097"]
[BlackFideId "13303562"]
[EventDate "2016.06.16"]

1. e4 c5 2. Nf3 e6 3. d4 cxd4 4. Nxd4 a6 5. Bd3 Nf6 6. O-O Qc7 7. Qe2 d5 8. Nc3
Nc6 9. Nxc6 bxc6 10. Bg5 Bb7 11. Rfe1 Nd7 12. exd5 cxd5 13. Bf5 Nc5 14. Rad1 Bd6
15. b4 O-O 16. bxc5 Qxc5 17. Be3 1/2-1/2

[Event "9th Asrian Memorial 2016"]
[Site "Yerevan ARM"]
[Date "2016.06.23"]
[Round "8.14"]
[White "Tiraturyan, David"]
[Black "Petrosyan, Manuel"]
[Result "0-1"]
[BlackTitle "IM"]
[WhiteElo "2235"]
[BlackElo "2518"]
[WhiteFideId "13304402"]
[BlackFideId "13300857"]
[EventDate "2016.06.16"]

1. d4 Nf6 2. Nf3 e6 3. Bg5 h6 4. Bxf6 Qxf6 5. e4 d5 6. Bd3 c5 7. O-O Nc6 8. c3
c4 9. Bc2 Qd8 10. b3 cxb3 11. axb3 dxe4 12. Bxe4 Bd6 13. Nbd2 O-O 14. Bxc6 bxc6
15. b4 a5 16. Re1 Bb7 17. Rxa5 Rxa5 18. bxa5 Qxa5 19. Nc4 Qd5 20. Nxd6 Qxd6 21.
Qb3 Ba6 22. Qb6 Bb5 23. Qa7 f6 24. h3 Bd3 25. Nd2 Bg6 26. Qa2 Qd5 27. Qxd5 exd5
28. Re7 Ra8 29. Nb3 Ra3 30. Rb7 h5 31. h4 Bf5 32. Rb6 Bc2 33. Nc5 Rxc3 34. Rxc6
Rc4 35. Rc8+ Kh7 36. Rd8 Rxd4 37. Ne6 Re4 38. Nc5 Re5 39. Kh2 d4 40. Nd7 Re4 41.
Nf8+ Kh6 42. f3 Rxh4+ 43. Kg3 Rh1 44. Rxd4 Bf5 45. Nd7 Rb1 46. Rd5 Bg6 47. Nf8
Bf7 48. Rd7 Bg8 49. Re7 Rb5 50. Ne6 Re5 51. Nxg7 Rg5+ 52. Kh4 Rxg7 53. Rxg7 Kxg7
54. Kxh5 Bc4 55. Kg4 Kf7 56. Kf4 Ke6 57. Ke4 Bd5+ 58. Kf4 Bc6 59. Kg4 Be8 60.
Kf4 Bb5 61. Ke4 Bf1 62. g3 Bb5 63. Kf4 Bc6 64. g4 Be8 65. Ke4 Bb5 66. Kf4 Bc6
67. Kg3 Ke5 68. f4+ Ke4 69. f5 Ke5 0-1

[Event "9th Asrian Memorial 2016"]
[Site "Yerevan ARM"]
[Date "2016.06.23"]
[Round "8.15"]
[White "Petrosyan, Tigran S."]
[Black "Movsisyan, Vardan"]
[Result "1-0"]
[WhiteTitle "IM"]
[WhiteElo "2478"]
[BlackElo "2179"]
[WhiteFideId "13303678"]
[BlackFideId "13301799"]
[EventDate "2016.06.16"]

1. e4 c5 2. Nf3 d6 3. d4 cxd4 4. Nxd4 Nf6 5. f3 e5 6. Bb5+ Bd7 7. Bxd7+ Qxd7 8.
Nf5 d5 9. Bg5 dxe4 10. Bxf6 Qxd1+ 11. Kxd1 gxf6 12. fxe4 Rg8 13. g3 Nc6 14. c3
Rg4 15. Nd2 Rd8 16. Kc2 Ne7 17. Nxe7 Kxe7 18. Rae1 Bh6 19. Nf3 f5 20. exf5 f6
21. Re2 e4 22. Rhe1 e3 23. Rd1 Rxd1 24. Kxd1 Kd6 25. Kc2 Kd5 26. Kd3 b5 27. a3
a6 28. Nd4 Ke5 29. Nc2 Rg7 30. Nxe3 Rd7+ 31. Kc2 Bxe3 32. Rxe3+ Kxf5 33. Rd3 Re7
34. Kd2 Re6 35. Rd4 h5 36. a4 bxa4 37. Rxa4 Rb6 38. Rf4+ Ke5 39. b4 a5 40. Kc2
axb4 41. cxb4 f5 42. Kb3 Rf6 43. b5 Kd5 44. Kb4 Rf8 45. Rc4 Rb8 46. Rc5+ Ke4 47.
Ka5 Ra8+ 48. Kb6 Ra2 49. Rc4+ 1-0

[Event "9th Asrian Memorial 2016"]
[Site "Yerevan ARM"]
[Date "2016.06.23"]
[Round "8.16"]
[White "Shahinyan, David"]
[Black "Babayan, Armine"]
[Result "1-0"]
[WhiteTitle "IM"]
[WhiteElo "2442"]
[BlackElo "2169"]
[WhiteFideId "13304380"]
[BlackFideId "13304135"]
[EventDate "2016.06.16"]

1. g3 g6 2. Bg2 Bg7 3. e4 c5 4. c4 Nc6 5. Nc3 e6 6. Nge2 Nge7 7. O-O O-O 8. a3
d6 9. Rb1 b6 10. b4 Bb7 11. d3 Qd7 12. Be3 Nd4 13. Qd2 f5 14. Bh6 Bxh6 15. Qxh6
Nec6 16. Qe3 Rae8 17. b5 Ne5 18. Nxd4 Ng4 19. Qg5 cxd4 20. Ne2 e5 21. h3 Nf6 22.
exf5 Bxg2 23. Kxg2 Qxf5 24. Qxf5 gxf5 25. f4 Nd7 26. g4 Nc5 27. Rbd1 fxg4 28.
hxg4 a6 29. bxa6 Ra8 30. f5 Rxa6 31. Ng3 Rxa3 32. Rf3 h6 33. Ne4 Nxe4 34. dxe4
Rxf3 35. Kxf3 Ra8 36. Rb1 Ra3+ 37. Kf2 Ra6 38. Kg3 Kg7 39. Kh4 Ra4 40. Rxb6 Rxc4
41. g5 d3 42. Rb7+ Kg8 43. Rb8+ Kg7 44. f6+ Kf7 45. Rb7+ Ke8 46. g6 Rxe4+ 47.
Kh5 d2 48. f7+ 1-0

[Event "9th Asrian Memorial 2016"]
[Site "Yerevan ARM"]
[Date "2016.06.23"]
[Round "8.17"]
[White "Hakobyan, Aram"]
[Black "Avetisyan, Mariam"]
[Result "1-0"]
[WhiteTitle "FM"]
[WhiteElo "2382"]
[BlackElo "2050"]
[WhiteFideId "13306677"]
[BlackFideId "13307622"]
[EventDate "2016.06.16"]

1. d4 d5 2. c4 e6 3. Nc3 Be7 4. Nf3 Nf6 5. Bg5 h6 6. Bh4 O-O 7. cxd5 Nxd5 8.
Bxe7 Qxe7 9. Rc1 c6 10. e3 Nd7 11. Bc4 Nxc3 12. bxc3 e5 13. O-O e4 14. Nd2 b5
15. Be2 Rb8 16. c4 f5 17. cxb5 cxb5 18. Rc7 Qd6 19. Qb3+ Kh8 20. Rfc1 Ne5 21.
R7c5 Be6 22. Qc3 b4 23. Qb2 Nd3 24. Bxd3 exd3 25. Rc6 Qd5 26. Nb3 Rfc8 27. R6c5
Rxc5 28. Rxc5 Qd6 29. Qd2 Bxb3 30. axb3 Qa6 31. h4 Rc8 32. Rxc8+ Qxc8 33. Qxd3
Qc1+ 34. Kh2 Qc7+ 35. Kh3 f4 36. d5 fxe3 37. fxe3 Qc8+ 38. Kh2 Qg4 39. g3 g5 40.
d6 Qd7 41. e4 gxh4 42. gxh4 Qg4 43. Qd4+ Kh7 44. Qxa7+ Kg6 45. Qg1 1-0

[Event "9th Asrian Memorial 2016"]
[Site "Yerevan ARM"]
[Date "2016.06.23"]
[Round "8.18"]
[White "Manukyan, Sargis A."]
[Black "Sargsyan, Anna M."]
[Result "1-0"]
[WhiteElo "2247"]
[BlackElo "1948"]
[WhiteFideId "13303970"]
[BlackFideId "13308130"]
[EventDate "2016.06.16"]

1. d4 d5 2. c4 c6 3. Nc3 Nf6 4. e3 e6 5. Nf3 Nbd7 6. Bd3 dxc4 7. Bxc4 b5 8. Bd3
Bb7 9. O-O b4 10. Na4 c5 11. dxc5 Bxc5 12. Nxc5 Nxc5 13. Bb5+ Ke7 14. Qe2 Qb6
15. Nd4 Rhd8 16. a3 bxa3 17. b3 Kf8 18. Bxa3 Kg8 19. Rfc1 Nce4 20. Bb4 a5 21.
Be1 Rd5 22. Bc4 Rg5 23. f3 Nd6 24. Qf2 e5 25. Ne2 e4 26. Ng3 exf3 27. gxf3 h5
28. e4 Qd8 29. Qd2 Nfe8 30. Qf4 Rg6 31. Rd1 Qe7 32. Bd3 f6 33. Kh1 Rg5 34. h4
Re5 35. Bc3 g5 36. hxg5 Rxg5 37. Rg1 Qf7 38. Nf5 1-0

[Event "9th Asrian Memorial 2016"]
[Site "Yerevan ARM"]
[Date "2016.06.23"]
[Round "8.19"]
[White "Barseghyan, Armen Ar."]
[Black "Davtyan, Artur"]
[Result "1-0"]
[WhiteElo "1849"]
[BlackElo "2239"]
[WhiteFideId "13306707"]
[BlackFideId "13308327"]
[EventDate "2016.06.16"]

1. d4 Nf6 2. Nf3 e6 3. e3 b6 4. Bd3 Bb7 5. O-O c5 6. c4 Bxf3 7. Qxf3 Nc6 8. d5
exd5 9. cxd5 Ne5 10. Qd1 Nxd3 11. Qxd3 Bd6 12. Nd2 O-O 13. f4 Qc7 14. b3 Rae8
15. Bb2 Ng4 16. Rae1 f5 17. h3 Nh6 18. e4 Bxf4 19. e5 Bxd2 20. Qxd2 Qd8 21. Qf4
Qe7 22. e6 dxe6 23. Rxe6 Qf7 24. Rfe1 Rxe6 25. Rxe6 Re8 26. Qe5 Rxe6 27. dxe6
Qe7 28. Qb8+ Qf8 29. Qc7 c4 30. e7 Qe8 31. Qe5 c3 32. Bxc3 1-0

[Event "9th Asrian Memorial 2016"]
[Site "Yerevan ARM"]
[Date "2016.06.23"]
[Round "8.20"]
[White "Danielyan, Vahe"]
[Black "Golikov, Daniil"]
[Result "1-0"]
[WhiteTitle "FM"]
[WhiteElo "2240"]
[BlackElo "2142"]
[WhiteFideId "13304828"]
[BlackFideId "24170623"]
[EventDate "2016.06.16"]

1. e4 e6 2. d3 d5 3. Nd2 c5 4. Ngf3 Nc6 5. g3 g6 6. h4 h5 7. Bg2 Bg7 8. O-O Nge7
9. Re1 O-O 10. c3 b6 11. e5 Qc7 12. d4 cxd4 13. cxd4 Nf5 14. Nb3 a5 15. Bg5 Ba6
16. Bh3 a4 17. Bxf5 exf5 18. Nbd2 Bd3 19. Rc1 Qd7 20. Re3 Be4 21. Rec3 Rfc8 22.
Nxe4 fxe4 23. Ne1 b5 24. Ng2 b4 25. R3c2 a3 26. b3 Na7 27. Nf4 Rxc2 28. Rxc2 Nb5
29. Qd2 Nc3 30. Ne2 Nxe2+ 31. Qxe2 Rc8 32. Rxc8+ Qxc8 33. Qb5 Bf8 34. Qxd5 Qc2
35. Qd8 Qd1+ 36. Kh2 Qe2 37. Be3 Qxa2 38. d5 Kg7 39. Qf6+ Kg8 40. e6 fxe6 41.
Qxe6+ Kh7 42. Qf7+ Bg7 43. Bd4 1-0

[Event "9th Asrian Memorial 2016"]
[Site "Yerevan ARM"]
[Date "2016.06.23"]
[Round "8.21"]
[White "Yeritsyan, Hayk"]
[Black "Mkrtchyan, Sargis R."]
[Result "1/2-1/2"]
[WhiteElo "2082"]
[BlackElo "2183"]
[WhiteFideId "13307320"]
[BlackFideId "13307878"]
[EventDate "2016.06.16"]

1. c4 Nf6 2. Nc3 c5 3. e4 Nc6 4. Nge2 g6 5. d4 cxd4 6. Nxd4 d6 7. Be2 Bg7 8. Be3
O-O 9. O-O Bd7 10. f3 Nxd4 11. Bxd4 a5 12. b3 Bc6 13. Qd2 Nd7 14. Be3 Nc5 15.
Rab1 Qb6 16. Rfc1 Rfc8 17. Kh1 h5 18. Bf1 Qd8 19. Qf2 Qf8 20. a3 Kh7 21. b4 axb4
22. axb4 Na4 23. Nd5 Bxd5 24. exd5 Qh8 25. Qh4 Nc3 26. Rb3 b5 27. Bd2 Nxd5 28.
cxd5 Rxc1 29. Bxc1 Ra1 30. Re3 Rxc1 31. Re1 Bf6 32. Qe4 Qc8 33. Rxc1 Qxc1 34.
Qd3 Qf4 35. Qxb5 Be5 36. g3 Qxf3+ 37. Bg2 Qb3 38. Qf1 Kg7 39. b5 e6 40. dxe6
fxe6 41. Be4 d5 42. Qb1 Qe3 43. Bg2 h4 44. gxh4 Qf4 45. Qg1 Qxh4 46. Bf1 Qf4 47.
Qg2 Bd6 48. Bd3 Qc1+ 49. Qf1 Qe3 50. Qe2 Qh3 51. Bc2 e5 52. Qg2 Qh6 53. Qxd5 1/2-1/2

[Event "9th Asrian Memorial 2016"]
[Site "Yerevan ARM"]
[Date "2016.06.23"]
[Round "8.22"]
[White "Zhylkaidarova, Sholpan"]
[Black "Shmavonyan, Areg"]
[Result "0-1"]
[WhiteTitle "WFM"]
[WhiteElo "2164"]
[BlackElo "1995"]
[WhiteFideId "13700138"]
[BlackFideId "13309420"]
[EventDate "2016.06.16"]

1. d4 d5 2. c4 e6 3. Nc3 Be7 4. Nf3 Nf6 5. Bg5 h6 6. Bh4 O-O 7. e3 b6 8. cxd5
Nxd5 9. Bxe7 Qxe7 10. Bd3 Bb7 11. O-O Nd7 12. Rc1 c5 13. Qe2 Rfd8 14. Rfd1 cxd4
15. Nxd4 Nc5 16. Bb1 Nxc3 17. Rxc3 e5 18. Nf5 Qg5 19. Ng3 Rxd1+ 20. Qxd1 Rd8 21.
Qc2 g6 22. b4 Qg4 23. h3 Qxb4 24. Kh2 Bc6 25. a3 Qh4 26. Qa2 Bd5 27. Qd2 Rd7 28.
Qb2 Qe7 29. e4 Be6 30. Rf3 Qd6 31. Ne2 Bc4 32. Nc3 Qd2 33. Qb4 Rd4 34. Nd5 Bxd5
35. Qxd2 Rxd2 36. exd5 Rb2 37. d6 Rxb1 38. Rd3 Nd7 0-1